Classement Final de Ligue 1 2021/2022 - Statistiques

Statistiques générales
  • Ce quiz a été pris 180 fois
  • Le résultat moyen est 17 sur 19
Statistiques - réponses
Emplacement Points Résultat Équipe % Correct
#01 86 Champions League Paris Saint-Germain
100%
#02 71 Champions League Olympique Marseille
99%
#08 61 / Lyon
95%
#03 69 Champions League Monaco
95%
#04 66 Europa League Rennes
95%
#20 31 Rélegation Bordeaux
93%
#07 62 / Lens
93%
#05 66 Conference League Nice
93%
#09 55 / Nantes
92%
#18 32 Play-out Rélegation Saint-Étienne
92%
#10 55 / Lille
87%
#19 31 Rélegation Metz
83%
#11 48 / Brest
82%
#13 43 / Montpellier
82%
#12 46 / Reims
82%
#16 36 / Lorient
80%
#14 41 / Angers
78%
#17 36 / Clermont
76%
#15 38 / Troyes
65%
Aucun quiz correspondant
Distribution des résultats
% des personnes avec chaque résultat
Percentile par nombre de réponses
Votre historique - résultats
Vous n’avez pas pris ce quiz